000 00703nam a2200229 a 4500
005 20241016063910.0
008 170314s1993 mx r 000 0 spa d
020 _a9682954304
035 _aUPN01000216764
049 _aCG
050 4 _aPM3968.4
_aC8.3
245 1 0 _aCuentos sobre las apariciones en el Mayab /
_cAndrés Tec Chí ... [et al.] ; tr. Andrés Tec Chí.
260 _aMéxico :
_bINI :
_bSEDESOL,
_c1993.
300 _a72 p.
440 0 _aLetras mayas contemporáneas ;
_v6
650 4 _aCUENTOS MAYAS
_913152
650 4 _aLiteratura maya
_99423
650 4 _aMayas
_xReligión y mitología
_915371
700 1 _aTec Chí, Andrés,
_ecoaut.
905 _aLibro
999 _c188864
_d188864